00446nmm a2200157Ia 4500008004100000020001800041041000800059100001800067245002600085264006600111300001700177650001900194856005100213942000700264999001700271251105s9999||||xx |||||||||||||||||und|| a9791021314238 aspa aMena, Juan de 0aObras de Juan de Mena a[París, Francia] :bEdiciones la Biblioteca Digital, c2012 a54 páginas aSpanish poetry uhttps://public.digitaliapublishing.com/a/26330 cCF c98071d98071